Somos Artistas Bolivianos : Arte Acción en Bolivia 1980-2014 (Record no. 835)

MARC details
000 -LEADER
campo de control de longitud fija 01058nam a22003017a 4500
008 - DATOS DE LONGITUD FIJA--INFORMACIÓN GENERAL
campo de control de longitud fija 160125b xxu||||| |||| 00| 0 eng d
082 ## - NÚMERO DE LA CLASIFICACIÓN DECIMAL DEWEY
Número de clasificación 708
Número de ítem B412s
245 ## - MENCIÓN DEL TÍTULO
Título Somos Artistas Bolivianos : Arte Acción en Bolivia 1980-2014
Mención de responsabilidad, etc. Elizabeth Torres
260 ## - PUBLICACIÓN, DISTRIBUCIÓN, ETC.
Lugar de publicación, distribución, etc. Cochabamba, Bolivia:
Nombre del editor, distribuidor, etc. Centro Pedagógico y Cultural Simón I. Patiño,
Fecha de publicación, distribución, etc. 2014
300 ## - DESCRIPCIÓN FÍSICA
Extensión 143 p.
Otras características físicas ill. (col.)
Dimensiones 21 cm.
650 ## - PUNTO DE ACCESO ADICIONAL DE MATERIA--TÉRMINO DE MATERIA
Término de materia o nombre geográfico como elemento de entrada Arte
Subdivisión geográfica Bolivia
9 (RLIN) 4561
650 ## - PUNTO DE ACCESO ADICIONAL DE MATERIA--TÉRMINO DE MATERIA
Término de materia o nombre geográfico como elemento de entrada Arte Contemporáneo
9 (RLIN) 977
650 ## - PUNTO DE ACCESO ADICIONAL DE MATERIA--TÉRMINO DE MATERIA
Término de materia o nombre geográfico como elemento de entrada Arte
Subdivisión general Investigación
9 (RLIN) 4562
651 ## - PUNTO DE ACCESO ADICIONAL DE MATERIA--NOMBRE GEOGRÁFICO
Nombre geográfico Bolivia
Subdivisión cronológica S. 21
9 (RLIN) 4563
700 ## - ENTRADA AGREGADA--NOMBRE PERSONAL
Nombre de persona Dorado Cámara, Alejandra
Títulos y otros términos asociados al nombre [Curadora]
9 (RLIN) 4564
700 ## - ENTRADA AGREGADA--NOMBRE PERSONAL
Nombre de persona Rada, Douglas Rodrigo
Títulos y otros términos asociados al nombre [Curador]
9 (RLIN) 4565
700 ## - ENTRADA AGREGADA--NOMBRE PERSONAL
Nombre de persona Bedoya, José
9 (RLIN) 4566
700 ## - ENTRADA AGREGADA--NOMBRE PERSONAL
Nombre de persona Garavito, Ramiro
9 (RLIN) 4567
700 ## - ENTRADA AGREGADA--NOMBRE PERSONAL
Nombre de persona Valcárcel, Roberto
9 (RLIN) 4568
700 ## - ENTRADA AGREGADA--NOMBRE PERSONAL
Nombre de persona Mateo, Sol
9 (RLIN) 4569
700 ## - ENTRADA AGREGADA--NOMBRE PERSONAL
Nombre de persona Galindo, Maria
9 (RLIN) 3335
700 ## - ENTRADA AGREGADA--NOMBRE PERSONAL
Nombre de persona Heckl, Angelika
9 (RLIN) 4570
700 ## - ENTRADA AGREGADA--NOMBRE PERSONAL
Nombre de persona Schwartz, Raquel
9 (RLIN) 3907
700 ## - ENTRADA AGREGADA--NOMBRE PERSONAL
Nombre de persona Carvalho, Valia
9 (RLIN) 4571
700 ## - ENTRADA AGREGADA--NOMBRE PERSONAL
Nombre de persona Rivera Bluebox, Eduardo
9 (RLIN) 4572
700 ## - ENTRADA AGREGADA--NOMBRE PERSONAL
Nombre de persona Alvarado, Narda
9 (RLIN) 4573
700 ## - ENTRADA AGREGADA--NOMBRE PERSONAL
Nombre de persona Coca, Galo
9 (RLIN) 3904
Holdings
Estatus retirado Estado de pérdida Fuente del sistema de clasificación o colocación Estado de daño No para préstamo Biblioteca de origen Biblioteca actual Ubicación en estantería Fecha de adquisición Total de préstamos Signatura topográfica completa Código de barras Visto por última vez Precio de reemplazo Tipo de ítem Koha
    Clasificación Decimal Dewey     Biblioteca LadoV Biblioteca LadoV   25/01/2016   708 B412s 004133 25/01/2016 25/01/2016 Material 01